| 000 | 00358nam a22001457a 4500 | ||
|---|---|---|---|
| 003 | OSt | ||
| 005 | 20230609070530.0 | ||
| 008 | 220806b xxu||||| |||| 00| 0 eng d | ||
| 040 | _cIIMT UNIVERSITY, MEERUT | ||
| 100 | _aWILLIAM WONG | ||
| 245 | _aWINDOWS 2OOO DNS. SERVER | ||
| 260 |
_aTATA MC GRAW HILL _bNEW DELHI _c2000 |
||
| 300 | _a704 | ||
| 942 |
_2ddc _c09 |
||
| 999 |
_c54883 _d54883 |
||